各种知识 #31 General knowledge - Statistics

General Stats
  • This quiz has been taken 38 times
  • The average score is 8 of 20
Answer Stats
出题者 问题 答案 % Correct
Ming1461 上述图形与双曲线、椭圆都可以通过截一种几何体得到,这种几何体是? 圆锥体
81%
Ming1461 在平面上,到定点和不过这个定点的定直线的距离相等的点组成的集合是什么图形? 抛物线
75%
Ming1461 耶稣远在中国最著名的的弟弟是谁? 洪秀全
69%
TMDDS “马猴烧酒”是对日语“______”的空耳 魔法少女
61%
TMDDS “援交”一词源自日本,是“______”的简称,一般是对性交易的委婉称呼 援助交际
56%
pcktrsss 披萨上常用的主要用来拉丝的奶酪种类是 马苏里拉芝士
56%
Ming1461 中国国际航空公司是中国唯一的载旗航司,它执飞去往一个地区的航线的飞机不能挂国旗。这个地方是? 中国台湾
47%
pcktrsss 南宁地区特有的一种粉,酸辣鲜香,因为一段佳话而得名,这个粉的名字是 老友粉
47%
Ming1461 哪家航司接收了在中国交付的第一架A350客机? 中国东方航空
39%
CNY 在桂林米粉中,桂林人称为“锅烧”,南宁人称为“脆皮”的配菜是什么(回答原料种类即可) 脆皮锅烧猪肉
36%
pcktrsss 香港演员何超仪,曾在电影《维多利亚一号》中饰演12命女凶手而闻名。这位演员的父亲是鼎鼎有名的 何鸿燊
33%
pcktrsss 在德州扑克中,面对上一位玩家的加注,玩家除了跟注、再加注之外还可以 弃牌
28%
TMDDS 《红楼梦》第二十八回中,宝玉等人以女儿悲愁喜乐为题行酒令,不学无术的薛蟠有云:“女儿悲,嫁了个男人是____;女儿愁,绣房撺出个______”(答出一个即可) 乌龟/大马猴
22%
TMDDS “朽木不可雕也”是孔子对哪位学生的评价? 宰予
19%
pcktrsss 一位出身和身世众说纷纭的南北朝时期的歌姬,“钱塘第一美女”,其形象出现在众多后世作品中。如今她的墓在西湖孤山西泠桥边。她的名字是 苏小小
19%
Ming1461 我国唯一一个名称中带有四个少数民族的自治县是?(写出专名即可,不用写各民族) 双江拉祜族佤族布朗族傣族自治县
17%
TMDDS 捷克作家雅罗斯拉夫·哈谢克最著名的长篇小说(未写完),讲述了一名一战时期奥匈帝国士兵的荒唐遭遇 好兵帅克
17%
CNY 名句“风乍起,吹皱一池春水。闲引鸳鸯香径里,手挼红杏蕊。”(《谒金门》)的作者是哪位南唐著名词人 冯延巳
14%
CNY 在内蒙古呼和浩特,羊杂碎作为早餐时的常见搭档是哪种面点主食 焙子
8%
TMDDS 日本人发明的,安置于厕所中,用来遮掩如厕声音的电子装置被称为 音姬
6%
No matching quizzes found
Score Distribution
Percent of People with Each Score
Percentile by Number Answered
Your Score History
You have not taken this quiz